|
|
|
|
| LEADER |
00000cam a2200000 7i4500 |
| 001 |
0000166360 |
| 005 |
20130122.0 |
| 090 |
0 |
0 |
|a F
|b TRI
|
| 100 |
1 |
|
|a Bowen, Huw
|
| 245 |
1 |
0 |
|a Triple hit [
|h digital video disc]
|c Huw Bowen
|
| 260 |
|
|
|a s.l. :
|b A Cinema Epoch ,
|c 20-
|
| 300 |
|
|
|a 1 digital video disc (82 minutes) :
|b col
|
| 500 |
|
|
|a Library has 4 copies
|
| 520 |
0 |
|
|a Parental guidance is advisable for children below 13 years old (PG13)
|
| 650 |
0 |
0 |
|a Movies, English
|
| 999 |
|
|
|a AV 30554
|b DIGITAL VIDEO DISC
|c PINJAMAN
|e PERPUSTAKAAN KOMUNITI PETALING JAYA
|
| 999 |
|
|
|a AV 30555
|b DIGITAL VIDEO DISC
|c PINJAMAN
|e PERPUSTAKAAN KOMUNITI PETALING JAYA
|
| 999 |
|
|
|a AV 31244
|b DIGITAL VIDEO DISC
|c PINJAMAN
|e PERPUSTAKAAN KOMUNITI PETALING JAYA
|
| 999 |
|
|
|a AV 31245
|b DIGITAL VIDEO DISC
|c PINJAMAN
|e PERPUSTAKAAN KOMUNITI PETALING JAYA
|